Türkiye'de kamu personel rejiminin yeniden yapılandırılması sempozyumu (Record no. 6843)

MARC details
000 -BAŞLIK
Sabit Uzunlukta Kontrol Alanı 00996na a2200253 4500
001 - KONTROL NUMARASI
Denetim Alanı 18648
003 - KONTROL NUMARASI IDENTIFIER
Denetim Alanı MIRAKIL
005 - SON İŞLEM TARİHİ VE ZAMANI
Denetim Alanı 20181213155121.0
008 - SABİT-BOY VERİ ELEMANLARI - GENEL BİLGİLER
Sabit Uzunlukta Kontrol Alanı 161123b tu 000 0
035 ## - SİSTEM KONTROL NUMARASI
Sistem Kontrol Numarası 18648
040 ## - KATALOGLAMA KAYNAK
Orijinal Kataloglama Ajansı Milas
Kataloglama Dili tur
Metne Dönüştürmek Ajansı TR-AnCHP
041 ## - DİL KODU
Metin / Ses Parça Veya Ayrı Başlığın Dil Kodu tur
082 ## - DEWEY ONLU SINIFLANDIRMA NUMARASI
Sınıflandırma Numarası 351.1
Ürün Numarası T96 2003
090 ## - SINIFLAMA NUMARASI
Sınıflama Numarası 351.1 T96 2003
111 ## - ANA GİRİŞ - TOPLANTI ADI
Giriş Elemanı Olarak Toplantı Adı Veya Yargı Alanı Adı Türkiye'de Kamu Personel Rejiminin Yeniden Yapılandırılması Sempozyumu
Toplantının Yeri Ankara
Toplantı Veya Antlaşma İmzalandığı Tarihi 2003
245 ## - BAŞLIK TABLOSU
Başlık Türkiye'de kamu personel rejiminin yeniden yapılandırılması sempozyumu
Başlığın Kalan 22-23 Şubat 2003
Sorumluluk Tablosu, Vb T.C. Devlet Bakanlığı ve Başbakan Yardımcılığı
260 ## - YAYIN, DAĞITIM, VB
Yayın, Dağıtım, Vb Yeri Ankara
Yayıncı, Dağıtıcı, Vs Adı T.C. Devlet Bakanlığı ve Başbakan Yardımcılığı
Yayın, Dağıtım, Vb Tarihi 2003
300 ## - FİZİKSEL TANIM
Kapsam 394 s.
Diğer Fiziksel Ayrıntıları fotg.
Boyutlar 24 sm.
490 ## - SERİSİ TABLOSU
Seri Beyanı T.C. Devlet Bakanlığı ve Başbakan Yardımcılığı
Hacim / Ardışık Tanımı 42
650 ## - KONU KATMA GİRİŞ - TOPİKAL DÖNEM
Topikal Süreli Veya Coğrafi Ad Giriş Elemanı Kamu personeli
Genel Alt Bölümü Toplantılar
Coğrafi Alt Bölümü Türkiye
650 ## - KONU KATMA GİRİŞ - TOPİKAL DÖNEM
Topikal Süreli Veya Coğrafi Ad Giriş Elemanı Kamu yönetimi
Genel Alt Bölümü Toplantılar
Coğrafi Alt Bölümü Türkiye
710 ## - KATMA GİRİŞ - KURUMSAL ADI
Giriş Elemanı Olarak Kurumsal Ad Veya Yargı Alanı Adı T.C. Devlet Bakanlığı ve Başbakan Yardımcılığı
942 ## - EKLENDİ GİRİŞ ELEMANLARI (KOHA)
Sınıflandırma Veya Raf Düzeni Kaynak
Koha Öğesi Türü Books
999 ## - SİSTEM KONTROL NUMARALARI (KOHA)
Koha Biblionumber 6843
Koha Biblioitemnumber 6843
Holdings
Kalıcı Konum Mevcut Konum Edinme Tarihi Edinim Kaynak Toplam Check-Out'Lar Tam Çağrı Numarası Barkod Tarih Son Görülme İtibaren Geçerli Fiyatlar Koha Öğesi Türü
CHP Kütüphanesi CHP Kütüphanesi 11/23/2016 Bağış   351.1 T96 2003 009642 11/23/2016 11/23/2016 Books